000 00471ntaaa2200157 4500
003 01
005 20251027203257.0
008 0714s1973 ag 01
040 _aAR-BaBN
_bspa
_cAR-BaBN
_eaacr
_dRIC
082 _a225.2 Sch5
100 _aSchomoller, Alfred
_935675
245 _aHandkonkordanz zum griechischen Neuen Testament :
_btext Nach Nestle /
_cAlfred Schomoller
250 _a10ยช ed.
260 _aGermany :
_bFor the American Bible Society New York
942 _cBK
999 _c28242
_d28242